Spôsob zdaňovania motorových vozidiel vo vybraných krajinách Európskej únie diplomová práca

Saved in:
Bibliographic Details
Main Author: Gaďourková, Alexandra
Corporate Author: Národohospodárska fakulta EU. Katedra financií
Other Authors: Válek, Juraj, 1981-
Format: Book
Language:Slovak
Published: Bratislava 2022
Tags: Add Tag
No Tags, Be the first to tag this record!

MARC

LEADER 00000nbm a2200000 4500
001 0284024
005 20230221085741.8
041 0 |a slo 
044 |a SK 
245 1 0 |a Spôsob zdaňovania motorových vozidiel vo vybraných krajinách Európskej únie  |b diplomová práca  |c Alexandra Gaďourková ; školiteľ: Juraj Válek 
264 1 |a Bratislava  |c 2022 
300 |a 82 s. 
100 1 |a Gaďourková, Alexandra 
700 1 |a Válek, Juraj, 1981- 
710 2 |a Národohospodárska fakulta EU. Katedra financií